000 00597nam a2200229Ia 4500
003 OSt
005 20220924113158.0
006 a|||||r|||| 00| 0
007 ta
008 220923b |||||||| |||| 00| 0 eng d
024 _a149609
037 _cDictionary
040 _aARTS
_cARTS
_beng
041 _2eng
_aeng
082 _aY1:411:6, K9
100 _aSullivan Vincent F
_9169643
245 0 _aHow to stop problems drinking
260 _aNA
_bNA
_c1969
650 _aSOCIOLOGY
942 _hY1:411:6, K9
_cdic
_2cc
999 _c389458
_d389458